000 00706nam a22002297a 4500
999 _c10417
_d10417
003 AR-CdUCM
008 190401b ||||| |||| 00| 0 spa d
040 _aMUNICIPALIDAD PROVINCIAL DEL CUSCO
_cBIBLIOTECA MUNICIPAL DEL CUSCO
082 _a869.30 /
_bES76P
_22 ed.
100 _aEslava, Ernesto
_927257
245 _aPuebla de Granuja /
260 _aSantiago :
_bCultura,
_c1952.
300 _a86 páginas ;
_c19 cm.
500 _aDonación de la familia Nieto. Dedicatoria a Luis Nieto.
505 _aContenido: Novela.
650 _aCuentos Chilenos
_912280
650 _aLiteratura Latinoamericana
_9799
650 _aNovela
_95
650 _aSiglo XX
_98
942 _2ddc
_cLIBROS
945 _acmm